000 00784nam a2200217Ia 4500
003 GCL
008 140319s9999 xx 000 0 ara d
040 _aGCL /
_cGCL
082 0 4 _a347.08
_bم خ
100 1 _aمحمد احمد عابدين
245 1 0 _aخصومة الاستئناف امام المحكمة المدنية /
_cمحمد احمد عابدين
260 _a[S.N] :
_bمنشاة المعارف الاسلامية ،
_c1987
300 _a381 ص
490 _aسلسلة الكتب القانونية
_v0
650 0 4 _aالقانون
650 0 4 _aقانون الاجراءات الجنائية
650 0 4 _aقانون الاجراءات المدنية
650 0 4 _aاستئناف الاحكام
650 0 4 _aمحاكم الاستئناف
942 _2ddc
_cBK
999 _c56208
_d56208